000 00781aam a2200301 i 4500
001 768714001
003 CO-MdFUSB
005 20250521160620.0
007 ta
008 250521t1973 -us |||| |||| 00| 0 eng d
020 _a0-88207-050-9
040 _cCO-MdFUSB
041 0 _aeng
082 0 4 _223
_a248.4
_bH4982s
100 1 _aHendricks, Howard G.
_eautor
245 1 0 _aSay it with love
_c/ Howard G. Hendricks
264 1 _bVictor Books,
_aWheaton, ILL., USA :
_c[1973]
264 4 _c©1973
300 _a143 páginas
336 _atexto
_btxt
_2rdacontent
337 _2rdamedia
_asin mediación
_bn
338 _2rdacarrier
_avolumen
_bnc
563 _aPasta dura
650 0 _aVida cristiana
_919
942 _cBK
945 _aJTF-925
999 _c35819
_d35819